Diagnosis and Endoscopic Management of Digestive Diseases (Запис № 451194)

МАРК-запис
000 -LEADER
fixed length control field 04430nam a22005775i 4500
001 - CONTROL NUMBER
control field 978-3-319-42358-6
003 - CONTROL NUMBER IDENTIFIER
control field DE-He213
005 - DATE AND TIME OF LATEST TRANSACTION
control field 20210118143559.0
007 - PHYSICAL DESCRIPTION FIXED FIELD--GENERAL INFORMATION
fixed length control field cr nn 008mamaa
008 - FIXED-LENGTH DATA ELEMENTS--GENERAL INFORMATION
fixed length control field 170210s2017 gw | s |||| 0|eng d
020 ## - INTERNATIONAL STANDARD BOOK NUMBER
International Standard Book Number 9783319423586
-- 978-3-319-42358-6
024 7# - OTHER STANDARD IDENTIFIER
Standard number or code 10.1007/978-3-319-42358-6
Source of number or code doi
050 #4 - LIBRARY OF CONGRESS CALL NUMBER
Classification number RC799-869
072 #7 - SUBJECT CATEGORY CODE
Subject category code MJH
Source bicssc
072 #7 - SUBJECT CATEGORY CODE
Subject category code MED031000
Source bisacsh
072 #7 - SUBJECT CATEGORY CODE
Subject category code MJH
Source thema
082 04 - DEWEY DECIMAL CLASSIFICATION NUMBER
Classification number 616.33
Edition number 23
245 10 - TITLE STATEMENT
Title Diagnosis and Endoscopic Management of Digestive Diseases
Medium [electronic resource] :
Remainder of title New Tools and Strategies /
Statement of responsibility, etc edited by Rita Conigliaro, Marzio Frazzoni.
250 ## - EDITION STATEMENT
Edition statement 1st ed. 2017.
264 #1 -
-- Cham :
-- Springer International Publishing :
-- Imprint: Springer,
-- 2017.
300 ## - PHYSICAL DESCRIPTION
Extent X, 227 p. 83 illus., 77 illus. in color.
Other physical details online resource.
336 ## -
-- text
-- txt
-- rdacontent
337 ## -
-- computer
-- c
-- rdamedia
338 ## -
-- online resource
-- cr
-- rdacarrier
347 ## -
-- text file
-- PDF
-- rda
505 0# - FORMATTED CONTENTS NOTE
Formatted contents note Confocal laser endomicroscopy in the GI tract -- Applications of the OTSC system -- Endoscopic radiofrequency ablation in pancreatic cancer -- Transanal endoscopic microsurgery and transanal minimally invasive surgery for large rectal neoplasms -- Unusual applications of metal stents in the GI tract -- Endoscopic suture systems -- Endoscopic fundoplication -- Per oral endoscopic myotomy: comparison of techniques and outcomes -- Endoscopic submucosal dissection -- ERCP in patients with altered anatomy: New instruments and devices -- New approaches in endoscopic and surgical treatments for Zenker’s diverticulum -- State of the art in cholangioscopy systems -- Esophageal motility testing: The present and the future -- The diagnostic yield of novel parameters in reflux monitoring.
520 ## - SUMMARY, ETC.
Summary, etc In this book, leading international experts describe and discuss the various techniques available for the screening, diagnosis, management, and follow-up of digestive diseases, providing clinically useful, up-to-date reviews that draw upon their own experience and focus attention on the most recent advances in the field. Among the wide range of topics covered are the use of confocal laser endomicroscopy in the gastrointestinal tract, endoscopic suture systems, endoscopic submucosal dissection, per oral endoscopic myotomy, and cholangioscopy systems. The experience of a leading surgical group in the application of endoscopic radiofrequency ablation in pancreatic cancer is reported, and new surgical and endoscopic techniques for the treatment of Zenker's diverticulum are proposed. The closing chapters examine the present and future of esophageal motility testing and the diagnostic yield of novel parameters in reflux monitoring. In addition to the discussion of techniques, advice is provided on training, endoscopy and imaging equipment, and set-up of endoscopy units during procedures.
506 ## - RESTRICTIONS ON ACCESS NOTE
Terms governing access Available to subscribing member institutions only. Доступно лише організаціям членам підписки.
506 ## - RESTRICTIONS ON ACCESS NOTE
Standardized terminology for access restriction Online access from local network of NaUOA.
506 ## - RESTRICTIONS ON ACCESS NOTE
Standardized terminology for access restriction Online access with authorization at https://link.springer.com/
506 ## - RESTRICTIONS ON ACCESS NOTE
Standardized terminology for access restriction Онлайн-доступ з локальної мережі НаУОА.
506 ## - RESTRICTIONS ON ACCESS NOTE
Standardized terminology for access restriction Онлайн доступ з авторизацією на https://link.springer.com/
650 #0 - SUBJECT ADDED ENTRY--TOPICAL TERM
Topical term or geographic name as entry element Gastroenterology .
650 #0 - SUBJECT ADDED ENTRY--TOPICAL TERM
Topical term or geographic name as entry element Surgery.
650 #0 - SUBJECT ADDED ENTRY--TOPICAL TERM
Topical term or geographic name as entry element Hepatology.
650 14 - SUBJECT ADDED ENTRY--TOPICAL TERM
Topical term or geographic name as entry element Gastroenterology.
-- http://scigraph.springernature.com/things/product-market-codes/H33061
650 24 - SUBJECT ADDED ENTRY--TOPICAL TERM
Topical term or geographic name as entry element Surgery.
-- http://scigraph.springernature.com/things/product-market-codes/H59001
650 24 - SUBJECT ADDED ENTRY--TOPICAL TERM
Topical term or geographic name as entry element Hepatology.
-- http://scigraph.springernature.com/things/product-market-codes/H33088
700 1# - ADDED ENTRY--PERSONAL NAME
Personal name Conigliaro, Rita.
Relator term editor.
Relator code edt
-- http://id.loc.gov/vocabulary/relators/edt
700 1# - ADDED ENTRY--PERSONAL NAME
Personal name Frazzoni, Marzio.
Relator term editor.
Relator code edt
-- http://id.loc.gov/vocabulary/relators/edt
710 2# - ADDED ENTRY--CORPORATE NAME
Corporate name or jurisdiction name as entry element SpringerLink (Online service)
773 0# - HOST ITEM ENTRY
Title Springer eBooks
776 08 - ADDITIONAL PHYSICAL FORM ENTRY
Display text Printed edition:
International Standard Book Number 9783319423562
776 08 - ADDITIONAL PHYSICAL FORM ENTRY
Display text Printed edition:
International Standard Book Number 9783319423579
776 08 - ADDITIONAL PHYSICAL FORM ENTRY
Display text Printed edition:
International Standard Book Number 9783319825588
856 40 - ELECTRONIC LOCATION AND ACCESS
Uniform Resource Identifier <a href="https://doi.org/10.1007/978-3-319-42358-6">https://doi.org/10.1007/978-3-319-42358-6</a>
912 ## -
-- ZDB-2-SME
942 ## - ADDED ENTRY ELEMENTS (KOHA)
Koha item type ЕКнига

Немає доступних примірників.